[Event "Samara Polugaevsky Memorial 1st"]
[Site "Samara"]
[Date "2011.07.11"]
[Round "7"]
[White "Zubkov, Alexander"]
[Black "Iliushkin, Evgeny"]
[Result "0-1"]
[WhiteElo "2118"]
[BlackElo "2281"]
[PlyCount "39"]
[EventDate "2011.07.05"]
[EventType "swiss"]
[EventRounds "9"]
[EventCountry "RUS"]
[SourceTitle "CBM 143 Extra"]
[Source "ChessBase"]
[SourceDate "2011.08.29"]
[SourceVersion "1"]
[SourceVersionDate "2011.08.29"]
[SourceQuality "1"]

1. e4 c5 2. Nf3 e6 3. c3 d5 4. exd5 exd5 5. d4 Nc6 6. Bb5 Bd6 7. dxc5 Bxc5 8. 0-0 Nge7 9. Nbd2 0-0 10. Nb3 Bd6 11. Bd3 Bf5 12. Bg5 Qd7 13. Nbd4 Bxd3 14. Qxd3 f6 15. Bh4 Be5 16. Bg3 Bxd4 17. Nxd4 Nxd4 18. Qxd4 Nc6 19. Qa4 Rfe8 20. Rad1 0-1

[Event "Moscow op-E"]
[Site "Moscow"]
[Date "2011.02.02"]
[Round "5.166"]
[White "Zubkov, Alexander"]
[Black "Ibragimov, Eduard"]
[Result "1-0"]
[WhiteElo "2094"]
[BlackElo "1873"]
[PlyCount "55"]
[EventDate "2011.01.29"]
[EventType "swiss"]
[EventRounds "9"]
[EventCountry "RUS"]
[SourceTitle "EXT 2022"]
[Source "ChessBase"]
[SourceDate "2021.10.06"]
[SourceVersion "1"]
[SourceVersionDate "2021.10.06"]
[SourceQuality "1"]

1. Nf3 d5 2. d4 Nf6 3. c4 c6 4. Nc3 a6 5. b3 e6 6. Qc2 Bb4 7. Bb2 Ne4 8. g3 Bxc3+ 9. Bxc3 0-0 10. e3 f5 11. Bd3 Nd7 12. 0-0 g5 13. Nd2 g4 14. f3 Nxc3 15. Qxc3 Qg5 16. e4 Nf6 17. Rae1 Bd7 18. exf5 exf5 19. Re5 Rae8 20. Rfe1 Nh5 21. fxg4 Qxg4 22. Be2 Qg6 23. Bxh5 Qxh5 24. Qd3 Qg6 25. c5 f4 26. Qxg6+ hxg6 27. gxf4 Rxe5 28. fxe5 1-0